000 00641nam a2200241 i 4500
001 C2-0215898
003 PPAK
005 20180728104507.0
008 990506s1996 nyu |||| ||||| | eng d
020 _a0446673307
040 _aPPAK
_beng
_cPPAK
_erda
082 0 4 _a823
_2 23
090 0 0 _a823
_bRED
_dG
100 1 _aRedfield, James,
_eauthor
245 1 4 _aThe tenth insight :
_bholding the vision
264 1 _aNew York :
_bWarner Books ,
_c1996
300 _a236 pages ;
_c22 cm
336 _2rdacontent
_atext
337 _2rdamedia
_aunmediated
338 _2rdacarrier
_avolume
650 1 0 _aEnglish fiction
942 _ddc
_cB
999 _c159599
_d159599